000 00247nam a2200121Ia 4500
100 _aChaturvedi/R.C
942 _cBK
654 _arolling
245 _aRolling of Metals
260 _bYantruik
_aBombay
_c1981
300 _a386
546 _aENGLISH
999 _c33458
_d33458